|
|
|
|
| LEADER |
00850nam a2200217 a 4500 |
| 001 |
1527445 |
| 008 |
100503s1991 enk 000 0 eng d |
| 010 |
|
|
|a 90050914
|
| 020 |
|
|
|a 0670839523 :
|c $24.95
|
| 040 |
|
|
|a DLC
|c DLC
|d DLC
|d DB-DhAAL
|
| 082 |
0 |
0 |
|a 823/.914
|2 20
|
| 100 |
1 |
|
|a Rushdie, Salman.
|
| 245 |
1 |
0 |
|a Imaginary homelands :
|b essays and criticism, 1981-1991 /
|c Salman Rushdie.
|
| 250 |
|
|
|a 1st American ed.
|
| 260 |
|
|
|a London :
|b Granta Books ;
|a New York, N.Y., U.S.A. :
|b In association with Viking,
|c 1991.
|
| 300 |
|
|
|a 439 p. ;
|c 24 cm.
|
| 541 |
1 |
|
|e 00014519
|
| 650 |
|
0 |
|a Literature
|y 20th century.
|
| 852 |
4 |
|
|a Ayesha Abed Library
|j General Shelf.
|
| 999 |
|
|
|c 8360
|d 8360
|
| 952 |
|
|
|0 0
|1 0
|2 ddc
|4 0
|6 823_914000000000000_RUS_1991
|7 0
|9 9689
|a BRACUL
|b BRACUL
|c GEN
|d 2010-05-03
|l 8
|m 78
|o 823.914 RUS
|p 3010014519
|r 2025-06-25
|s 2025-06-18
|t 1
|w 2010-05-03
|y BK
|